00747 2200289 4500001002100000005001500021035002000036007000300056008004100059040001700100100001900117245004900136250001200185300002700197020002200224041000800246082000800254084001400262090001400276260004200290650001500332850001000347990002500357990002500382990002500407990002500432INLIS00000000000178920260603033934 a0010-0120000232ta260603 0  aSBPUPADbInd0 aUtami Widijati1 aTerapi Non Medis Bagi ADHD /cUtami Widijati a.-cet.1 aiii, 114 hlm. ;c21 cm a978-602-51208-3-10 aInd a613 a613 UTA t a590 DAR k a.--Yogyakarta :bBumi Literasi,c2018 4aKedokteran aPUPAD a32.190/APBD/DPK/2019 a32.187/APBD/DPK/2019 a32.188/APBD/DPK/2019 a32.189/APBD/DPK/2019